Wild flowers of the United States. Vol.2 - P.1

Αποθηκεύτηκε σε:
Λεπτομέρειες βιβλιογραφικής εγγραφής
Κύριος συγγραφέας: Harold William Rickett
Μορφή: Βιβλίο
Γλώσσα:Undetermined
Έκδοση: New York McGraw-Hill 1967
Θέματα:
Ετικέτες: Προσθήκη ετικέτας
Δεν υπάρχουν, Καταχωρήστε ετικέτα πρώτοι!
Thư viện lưu trữ: Trung tâm Học liệu Trường Đại học Cần Thơ
LEADER 00515nam a2200181Ia 4500
001 CTU_26271
008 210402s9999 xx 000 0 und d
082 |a 582.1373 
082 |b R539/Vol.2 - P.1 
100 |a Harold William Rickett 
245 0 |a Wild flowers of the United States. Vol.2 - P.1 
245 0 |c Harold William Rickett 
260 |a New York 
260 |b McGraw-Hill 
260 |c 1967 
650 |a wild flowers 
904 |i Minh, 981013 
980 |a Trung tâm Học liệu Trường Đại học Cần Thơ